[Event "Acropolis Open"]
[Site "Athens GRE"]
[Date "2007.08.22"]
[Round "9"]
[White "Krivoborodov,E"]
[Black "Filippas,S"]
[Result "1-0"]
[WhiteElo "2403"]
[BlackElo "2145"]

1.e4 d5 2.exd5 Qxd5 3.Nc3 Qd6 4.d4 Nf6 5.Nf3 a6 6.Bd3 Bg4 7.O-O Nc6 8.Ne4 Nxe4
9.Bxe4 O-O-O 10.c3 Bh5 11.Qe2 e6 12.b4 Bg6 13.a4 Ne7 14.Ne5 Nd5 15.Bd2 Be7
16.b5 Bf6 17.Nc4 Qe7 18.bxa6 bxa6 19.Rab1 Kd7 20.Na5 Bxe4 21.Qxe4 Qa3 22.c4 Ne7
23.Nb7 Rc8 24.Bb4 Qa2 25.d5 e5 26.Qg4+ Ke8 27.d6  1-0

[Event "Independence Cup A"]
[Site "Kyiv UKR"]
[Date "2007.08.22"]
[Round "10"]
[White "Shabala,S"]
[Black "Kernazhitsky,L"]
[Result "1-0"]
[WhiteElo "2255"]
[BlackElo "2373"]

1.e4 d5 2.exd5 Qxd5 3.Nc3 Qd6 4.d4 Nf6 5.Bc4 a6 6.Nge2 Nc6 7.O-O Bf5 8.Bf4 Qb4
9.Bd3 Bxd3 10.Qxd3 Qb6 11.d5 Nb4 12.Qc4 c6 13.Be3 Qa5 14.Qb3 b5 15.a4 Nbxd5
16.axb5 Qb4 17.Rxa6 Rxa6 18.bxa6 Qxb3 19.cxb3 Nc7 20.a7 e5 21.Na4 Nfd5 22.Nec3 Nxe3
23.fxe3 Bb4 24.Na2 Bd6 25.Rc1 Na8 26.Rxc6 Kd7 27.Rc4 Rc8 28.N2c3 Rc7 29.Nb5 Rb7
30.Nc5+ Bxc5 31.Rxc5 f6 32.Kf2 Kd8 33.Ke2 Rd7 34.e4 h5 35.h4 Rb7 36.Kd3 Kd7
37.Kc4 Rb6 38.Nc7 Rb7 39.Nxa8 Rxa7 40.Nb6+ Ke6 41.Rc6+ Kf7 42.Nd5 Ra2 43.Rc7+ Kf8
44.b4 Rxb2 45.b5  1-0

[Event "1st Serbian League Men"]
[Site "Zlatibor SRB"]
[Date "2007.08.22"]
[Round "2"]
[White "Todorovic,GM"]
[Black "Djukic,Ni"]
[Result "0-1"]
[WhiteElo "2471"]
[BlackElo "2531"]

1.e4 d5 2.exd5 Qxd5 3.Nc3 Qd8 4.Bc4 Nf6 5.Nf3 a6 6.d4 b5 7.Bd3 Bb7 8.Qe2 e6
9.Bg5 Be7 10.Bxf6 Bxf6 11.Be4 Bxe4 12.Nxe4 O-O 13.O-O-O Qd5 14.Nxf6+ gxf6
15.Kb1 Nd7 16.Nd2 Kh8 17.Ne4 Rg8 18.g3 c6 19.Qe3 Rad8 20.Qf4 Rg6 21.h4 f5
22.Ng5 Rf8 23.Rhe1 Kg8 24.Qc7 Nf6 25.Rxe6 fxe6  0-1

[Event "27th Open"]
[Site "Bratto ITA"]
[Date "2007.08.23"]
[Round "1"]
[White "Valsecchi,A"]
[Black "Tiviakov,S"]
[Result "0-1"]
[WhiteElo "2175"]
[BlackElo "2648"]

1.e4 d5 2.exd5 Qxd5 3.Nc3 Qd6 4.Nf3 Nf6 5.d4 c6 6.g3 Bg4 7.Bg2 e6 8.O-O Be7
9.Bf4 Qb4 10.Qd2 O-O 11.a3 Qb6 12.Ne5 Bh5 13.b4 Rd8 14.Be3 Nbd7 15.Nc4 Qa6
16.Nb2 Ne5 17.Rfb1 Nf3+ 18.Bxf3 Bxf3 19.Qd3 Qxd3 20.Nxd3 Nd5 21.Nxd5 cxd5
22.Rc1 Rac8 23.Kf1 g5 24.Ke1 f6 25.Kd2 Kf7 26.c3 Bd6 27.a4 Rd7 28.a5 h6 29.b5 Re7
30.a6 b6 31.Nb4 Rc4 32.Nc6 Rc7 33.Nd8+ Kg6 34.Nxe6 Rc8 35.h4 Bg4 36.hxg5 hxg5
37.Nc5 bxc5 38.b6 axb6 39.a7 Ra8 40.Rcb1 Bc7 41.dxc5 bxc5  0-1

[Event "15th Open"]
[Site "Nikea GRE"]
[Date "2007.08.23"]
[Round "1"]
[White "Gharamian,T"]
[Black "Liaskos,L"]
[Result "1-0"]
[WhiteElo "2517"]
[BlackElo "1914"]

1.e4 d5 2.exd5 Qxd5 3.Nc3 Qd6 4.d4 Nf6 5.Nf3 a6 6.g3 Bg4 7.Bg2 Nc6 8.O-O O-O-O
9.d5 Qb4 10.h3 Bxf3 11.Qxf3 Nd4 12.Qd3 e5 13.a3 Qb6 14.b4 c6 15.dxc6 bxc6
16.Qc4 Rd7 17.Na4 Qa7 18.Be3 Nd5 19.Bxd4 Qxd4 20.Qxc6+  1-0

[Event "15th Open"]
[Site "Nikea GRE"]
[Date "2007.08.23"]
[Round "1"]
[White "Bibizas,H"]
[Black "Dounis,A"]
[Result "1-0"]
[WhiteElo "1880"]
[BlackElo "2190"]

1.e4 d5 2.exd5 Qxd5 3.Nc3 Qd6 4.d4 Nf6 5.g3 e5 6.Nge2 Nc6 7.Nb5 Qb4+ 8.Nec3 Qe7
9.d5 Nd4 10.Bg5 Nxb5 11.Bxb5+ Bd7 12.Qe2 O-O-O 13.O-O-O Bxb5 14.Nxb5 a6 15.Na7+ Kb8
16.Nc6+ bxc6 17.dxc6 Rd4 18.Qxa6 Qb4 19.c3 Qb6 20.Qxb6+ cxb6 21.cxd4 Ne4
22.Be3 Bd6 23.dxe5 Bxe5 24.Bxb6 Rc8 25.Rd8 Rxd8 26.Bxd8 Nxf2 27.Rf1 Bd4 28.Kd2 f6
29.b4 Ng4 30.h3 Ne5 31.b5 Bc5 32.a4 Kc8 33.c7 Bb4+ 34.Kc2 Ba5 35.Rb1 Nc4
36.Kd3 Nb6 37.Ra1 Nd5 38.Kc4 Nxc7 39.Bxc7 Kxc7 40.Kd5 Kd7 41.Rc1 f5 42.Rc6 Be1
43.g4 f4 44.Ke4 Bd2 45.Rc5 Be3 46.Rf5 Ke6 47.Rxf4 Bb6 48.Rf8 Bc5 49.Rc8 Bf2
50.a5  1-0

[Event "15th Open"]
[Site "Nikea GRE"]
[Date "2007.08.24"]
[Round "2"]
[White "Panagiotakos,N"]
[Black "Kozhuharov,S"]
[Result "0-1"]
[WhiteElo "2055"]
[BlackElo "2477"]

1.e4 d5 2.exd5 Qxd5 3.Nc3 Qd6 4.d4 Nf6 5.Nf3 a6 6.Bd3 Bg4 7.Be3 Nc6 8.Ne4 Nxe4
9.Bxe4 e6 10.Qd2 f5 11.Bf4 Qd7 12.Bxc6 Qxc6 13.O-O-O Bxf3 14.gxf3 O-O-O 15.Rhe1 Bd6
16.Qe3 Rhe8 17.Be5 Bxe5 18.dxe5 Rd5 19.Rxd5 Qxd5 20.Qb3 Qd4 21.Qe3 Rd8 22.c3 Qd5
23.b3 c5 24.Qe2 Kc7 25.Rd1 Qxd1+ 26.Qxd1 Rxd1+ 27.Kxd1 c4 28.Kd2 Kc6 29.f4 Kd5
30.Ke3 cxb3 31.axb3 a5 32.c4+ Kc5 33.Kd3 Kb4 34.Kc2 a4 35.bxa4 Kxc4 36.a5 Kb4
37.a6 bxa6 38.Kb2 Kc4 39.Ka3 a5 40.Ka4 Kd4 41.Kb5 a4 42.Kc6 a3  0-1

[Event "20th Open"]
[Site "Panevezys LTU"]
[Date "2007.08.24"]
[Round "9"]
[White "Narmontas,T"]
[Black "Narva,T"]
[Result "1-0"]
[WhiteElo "2227"]
[BlackElo "1858"]

1.e4 d5 2.exd5 Qxd5 3.Nc3 Qd6 4.d4 Nf6 5.g3 Bg4 6.f3 Bf5 7.Bf4 Qd7 8.d5 a6
9.Qd2 e6 10.dxe6 Bxe6 11.O-O-O Qxd2+ 12.Rxd2 c5 13.Nh3 h6 14.Bc7 Nbd7 15.Nf4 g5
16.Nxe6 fxe6 17.Bh3 Rc8 18.Bd6 Rc6 19.Rhd1 Kf7 20.Ne4 Bg7 21.Re2 Re8 22.f4 Nxe4
23.Rxe4 Nf6 24.Ree1 Nd5 25.Bg4 Nf6 26.Bf3 Rcc8 27.Bxb7 Rcd8 28.Bxa6 Ra8 29.Bc4 Rac8
30.f5 Ng4 31.Bxe6+ Kf6 32.Bxc8  1-0

[Event "IX Sants Open"]
[Site "Barcelona ESP"]
[Date "2007.08.25"]
[Round "2"]
[White "Nijboer,F"]
[Black "Ramoneda Rumi,A"]
[Result "1-0"]
[WhiteElo "2568"]
[BlackElo "2205"]

1.e4 d5 2.exd5 Qxd5 3.Nc3 Qd6 4.d4 Nf6 5.Nf3 a6 6.g3 b5 7.Bg2 Bb7 8.O-O Nbd7
9.Bf4 Qb6 10.a4 b4 11.a5 Qa7 12.Na4 Rc8 13.c4 bxc3 14.bxc3 e6 15.c4 Bd6 16.Be3 Qa8
17.Rb1 Bc6 18.d5 exd5 19.Nd4 O-O 20.Nxc6 Qxc6 21.cxd5 Qc4 22.Qb3 Qxb3 23.Rxb3 Rfe8
24.h3 Ne4 25.g4 Nec5 26.Nxc5 Nxc5 27.Rc3 Nb7 28.Rfc1 Rb8 29.Bf1 Nxa5 30.Bxa6 Ra8
31.Bf1 Reb8 32.R3c2 h6 33.Ra1 Nb7 34.Rb1 Nd8 35.Rxb8 Rxb8 36.Kg2 Kf8 37.h4 Rb4
38.f3 Ke7 39.Bd2 Rb3 40.Bc4 Rb1 41.Bd3 Rb3 42.Be4 Nb7 43.Bc3 Kf8 44.Bd4 Rb4
45.Bf2 Rb5 46.h5 Be5 47.Kf1 Rb1+ 48.Ke2 Rb2 49.Rxb2 Bxb2 50.Bg3 Nd6 51.Kd3 Ke7
52.Bf2 Be5 53.Be3 Bb2 54.Kc2 Be5 55.Bd3 Ne8 56.f4 Ba1 57.g5 Nd6 58.Kb3 f6
59.g6 Kd7 60.Kb4 Bb2 61.Bc2 f5 62.Ba4+ Ke7 63.Kc5 Ne4+ 64.Kc6 Kd8 65.Bc2 Nd6
66.Bd2 Nc4 67.Bb4 Ne3 68.Bb3 Ng2 69.Ba5 Bc1 70.d6 Nxf4 71.Bxc7+  1-0

[Event "zt 3.2"]
[Site "Dhaka BAN"]
[Date "2007.08.26"]
[Round "5"]
[White "Gopal,G"]
[Black "Suvrajit,S"]
[Result "1-0"]
[WhiteElo "2480"]
[BlackElo "2405"]

1.e4 d5 2.exd5 Qxd5 3.Nc3 Qd6 4.d4 Nf6 5.Bg5 c6 6.Qd2 Bf5 7.Nf3 e6 8.O-O-O Nbd7
9.Nh4 Bg6 10.Nxg6 hxg6 11.g3 O-O-O 12.a3 Qc7 13.Bg2 Qa5 14.h4 Nb6 15.Qd3 e5
16.Ne2 Bd6 17.Bh3+ Kb8 18.Qb3 Qd5 19.Qxd5 Nbxd5 20.c4 Ne7 21.Rhe1 Nc8 22.dxe5 Bxe5
23.Rxd8 Rxd8 24.Nf4 Re8 25.Kc2 Nb6 26.b3 Bc7 27.Rxe8+ Nxe8 28.Nd3 Nf6 29.Be3 Nc8
30.Bd4 Ne7 31.Ne5 c5 32.Bb2 Ne4 33.Nd3 b6 34.Bxg7 f5 35.g4 fxg4 36.Bxg4 Ng8
37.Be6 Nef6 38.Bf7 Nh5 39.Bf8 Ngf6 40.Bxg6 Nf4 41.Nxf4 Bxf4 42.h5 Ng4 43.Bf5 Nh6
44.Be6 Kc7 45.Kd3  1-0

[Event "15th Open"]
[Site "Nikea GRE"]
[Date "2007.08.26"]
[Round "5"]
[White "Spirou,P"]
[Black "Hrisafis,A"]
[Result "1-0"]
[WhiteElo "2089"]
[BlackElo "2083"]

1.e4 d5 2.exd5 Qxd5 3.Nc3 Qd6 4.d4 Nf6 5.Nf3 a6 6.g3 Nc6 7.Bg2 Bg4 8.O-O O-O-O
9.d5 Ne5 10.Bf4 Bxf3 11.Bxf3 Nxf3+ 12.Qxf3 e5 13.dxe6 Qxe6 14.Bg5 Bb4 15.Bxf6 Qxf6
16.Qg4+  1-0

[Event "Kalamaria Open"]
[Site "Thessaloniki GRE"]
[Date "2007.08.26"]
[Round "2"]
[White "Svetushkin,D"]
[Black "Auth,R"]
[Result "1-0"]
[WhiteElo "2618"]
[BlackElo "2049"]

1.e4 d5 2.exd5 Qxd5 3.Nc3 Qd6 4.d4 Nf6 5.Bg5 c6 6.Qd2 Bg4 7.f3 Bf5 8.Nge2 Na6
9.Ng3 Qe6+ 10.Be2 Nb4 11.Nce4 Bxe4 12.fxe4 Nxe4 13.Nxe4 Qxe4 14.Qxb4 Qxg2
15.Qxb7 Rd8 16.Rf1 f6 17.Be3 Qe4 18.Qb3 Qh4+ 19.Rf2 e5 20.dxe5 Be7 21.exf6 gxf6
22.Qc4  1-0

[Event "27th Open"]
[Site "Bratto ITA"]
[Date "2007.08.27"]
[Round "5"]
[White "Jaracz,P"]
[Black "Tiviakov,S"]
[Result "1/2-1/2"]
[WhiteElo "2495"]
[BlackElo "2648"]

1.e4 d5 2.exd5 Qxd5 3.Nc3 Qd6 4.d4 Nf6 5.Nf3 c6 6.h3 Nbd7 7.Bg5 Nb6 8.Bd3 g6
9.Qd2 Bg7 10.O-O O-O 11.Bf4 Qd8 12.Bh6 Be6 13.Rfe1 Bd5 14.Ne5 Rc8 15.Rad1 e6
16.Bxg7 Kxg7 17.Qe3 Qe7 18.Ne2 c5 19.c4 cxd4 20.Qxd4 Bc6 21.b3 Rfd8 22.Qe3 Be8
23.Nd4 Nbd7 24.Be2 Nxe5 25.Qxe5 Rc5 26.Qe3 b6 27.Bf1 a5 28.Rd3 Rdc8 29.Rd2 Kg8
30.Qh6 Rh5 31.Qe3 Rhc5 32.Qh6 Rh5 33.Qe3  1/2-1/2

[Event "15th Open"]
[Site "Nikea GRE"]
[Date "2007.08.29"]
[Round "8"]
[White "Vlahos,E"]
[Black "Hrisafis,A"]
[Result "0-1"]
[WhiteElo "2041"]
[BlackElo "2083"]

1.e4 d5 2.exd5 Qxd5 3.Nc3 Qd6 4.d4 Nf6 5.Nf3 a6 6.Be3 Bg4 7.Be2 Nc6 8.Qd2 O-O-O
9.O-O-O e6 10.Rhe1 h6 11.h3 Bh5 12.Ne5 Nxe5 13.dxe5 Qxd2+ 14.Rxd2 Bxe2 15.Rxd8+ Kxd8
16.Rxe2 Nd7 17.f4 Be7 18.Ne4 Kc8 19.c4 Rd8 20.Kc2 Nb8 21.a3 Nc6 22.Rd2 Rxd2+
23.Kxd2 a5 24.Kc3 b6 25.b3 Bxa3 26.g4 Bb4+ 27.Kd3 Be7 28.Nc3 Nb4+ 29.Ke4 Na6
30.f5 Nc5+ 31.Bxc5 Bxc5 32.fxe6 fxe6 33.Kf4 Be7 34.Ne4 Kd7  0-1

[Event "1st Serbian League Men"]
[Site "Zlatibor SRB"]
[Date "2007.08.29"]
[Round "8"]
[White "Martinovic,Sl"]
[Black "Benkovic,P"]
[Result "1/2-1/2"]
[WhiteElo "2447"]
[BlackElo "2465"]

1.e4 d5 2.exd5 Qxd5 3.Nc3 Qd6 4.d4 Nf6 5.Nf3 a6 6.Bd3 Bg4 7.O-O c6 8.Ne4 Nxe4
9.Bxe4 Nd7 10.c3 Nf6 11.Bd3 e6 12.Bg5 Be7 13.Re1 h6 14.Bh4 Rd8 15.Be2  1/2-1/2

[Event "15th Open"]
[Site "Nikea GRE"]
[Date "2007.08.30"]
[Round "9"]
[White "Karaoulanis,D"]
[Black "Dounis,A"]
[Result "0-1"]
[WhiteElo "1872"]
[BlackElo "2190"]

1.e4 d5 2.exd5 Qxd5 3.Nc3 Qd6 4.d4 Nf6 5.Nf3 a6 6.Bd3 Bg4 7.O-O Nbd7 8.Ne4 Nxe4
9.Bxe4 c6 10.c3 e6 11.Qb3 Qc7 12.Ne5 Nxe5 13.dxe5 O-O-O 14.Bf4 Be7 15.f3 Bh5
16.Rad1 g5 17.Bg3 Bg6 18.Bxg6 hxg6 19.Rxd8+ Rxd8 20.Qc2 Qb6+ 21.Kh1 Qe3 22.Re1 Qd2
23.Qxd2 Rxd2 24.Rb1 Bc5 25.h4 gxh4 26.Bxh4 Be3 27.Kh2 Bf4+ 28.Bg3 Bxg3+ 29.Kxg3 g5
30.a4 Re2 31.f4 gxf4+ 32.Kxf4 Rxg2 33.b4 Rc2 34.Rb3 Kc7 35.Kg5 Rf2 36.Kh6 Rf5
37.Kg7 Rxe5 38.Kxf7 Re3 39.Kf6 Kd6 40.b5 Rf3+ 41.Kg5 Rf5+ 42.Kg4 axb5 43.axb5 Rxb5
44.Ra3 Rf5 45.Ra4 b5 46.Ra8 Rf1 47.Rd8+ Kc5 48.Rd3 e5 49.Re3 Kd5 50.Rd3+ Kc4
51.Rd6 c5 52.Rc6 e4  0-1

[Event "15th Open"]
[Site "Nikea GRE"]
[Date "2007.08.30"]
[Round "9"]
[White "Spirou,P"]
[Black "Liaskos,L"]
[Result "1/2-1/2"]
[WhiteElo "2089"]
[BlackElo "1914"]

1.e4 d5 2.exd5 Qxd5 3.Nc3 Qd6 4.d4 Nf6 5.Nf3 a6 6.g3 Bg4 7.Bg2 c6 8.O-O g6
9.Bf4 Qd8 10.Qd2 Bxf3 11.Bxf3 Bg7 12.Rad1 O-O 13.Rfe1 e6 14.Bh6 Nbd7 15.Bxg7 Kxg7
16.Ne4 Qc7 17.c4 Rad8 18.Qc3 Nxe4 19.Bxe4 Nf6 20.Bg2 Rd7 21.Rd3 Rfd8 22.Red1 Rd6
23.h3 h6 24.b4 R6d7 25.a3  1/2-1/2

[Event "XV Open"]
[Site "Albacete ESP"]
[Date "2007.09.02"]
[Round "1"]
[White "Mayor Martinez,J"]
[Black "Vitor,A"]
[Result "0-1"]
[WhiteElo "1872"]
[BlackElo "2373"]

1.e4 d5 2.exd5 Qxd5 3.Nc3 Qd8 4.d4 Nf6 5.Nf3 a6 6.Be2 Nc6 7.Be3 Bf5 8.a3 e6
9.O-O Bd6 10.b4 Nd5 11.Nxd5 exd5 12.c3 O-O 13.Bd3 Qd7 14.Qc2 Bg6 15.Bxg6 fxg6
16.Qe2 Rae8 17.Rae1 h6 18.Qc2 Rf5 19.Bd2 Ref8 20.Re3 g5 21.Qd3 Ne7 22.Ne5 Bxe5
23.dxe5 Qe6 24.b5 Ng6 25.bxa6 bxa6 26.Qd4 Nf4 27.g3 Nh3+ 28.Kg2 Rxf2+ 29.Rxf2 Rxf2+
30.Kh1 Rf1+  0-1

[Event "FSIM September"]
[Site "Budapest HUN"]
[Date "2007.09.02"]
[Round "2"]
[White "Molner,M"]
[Black "Brustkern,J"]
[Result "1/2-1/2"]
[WhiteElo "2293"]
[BlackElo "2296"]

1.e4 d5 2.exd5 Qxd5 3.Nc3 Qd6 4.d4 Nf6 5.Nf3 a6 6.Bd3 g6 7.O-O Bg7 8.Bg5 Bf5
9.Bxf5 gxf5 10.Qd3 e6 11.Rfe1 O-O 12.Ne5 Nc6 13.Qg3 Ng4 14.Bf4 Qxd4 15.Nxc6 bxc6
16.h3 e5 17.Bg5 h6 18.Bh4 h5 19.hxg4 hxg4 20.Be7 Rfe8 21.Rad1 Qc4 22.Ba3 Qe6
23.Na4 f4 24.Qb3 Qf5 25.Nc5 e4 26.Rd7 Bf8 27.Rxc7 g3 28.Nxe4 Bxa3 29.bxa3 Rab8
30.Rb7 Rxb7 31.Qxb7 Rxe4 32.Qb8+ Kh7 33.Rxe4 Qxe4 34.fxg3  1/2-1/2

[Event "XXII Open"]
[Site "Parla ESP"]
[Date "2007.09.02"]
[Round "2"]
[White "Rodrigo Yanguas,M"]
[Black "Madina,M"]
[Result "1/2-1/2"]
[WhiteElo "1988"]
[BlackElo "2256"]

1.e4 d5 2.exd5 Qxd5 3.Nc3 Qd6 4.d4 Nf6 5.Nf3 h6 6.a4 Bg4 7.Be3 Nc6 8.Be2 e6
9.Qd2 Qd7 10.Ne5 Nxe5 11.dxe5 Qxd2+ 12.Bxd2 Bxe2 13.Kxe2 Nd7 14.f4 Be7 15.Ne4 Nc5
16.Nxc5 Bxc5 17.Be3 Be7 18.Rad1 Rd8 19.Rxd8+ Kxd8 20.Rd1+ Kc8 21.Kf3 b6 22.Ke4 Kb7
23.g4 Kc6 24.Rd3 h5 25.g5 g6 26.h4 Rd8 27.Rxd8 Bxd8 28.b4 Be7 29.c3 Kb7 30.Kd3 c6
31.Kc4 b5+ 32.Kb3 a5 33.bxa5 Bd8 34.axb5 cxb5 35.Bb6 Be7 36.Be3 Ka6 37.Bb6 Bf8
38.Kb2 Kb7 39.Kb3 Kc6 40.Bd4 Be7 41.Bb6 Kb7 42.Kb2 Bf8 43.Kb3 Be7 44.Kb2 Kc6
45.Kb3 Bf8 46.Kb2 Be7  1/2-1/2

[Event "Open"]
[Site "Liverpool ENG"]
[Date "2007.09.03"]
[Round "1"]
[White "Haslinger,S"]
[Black "Littlewood,J"]
[Result "1-0"]
[WhiteElo "2468"]
[BlackElo "2230"]

1.e4 d5 2.exd5 Qxd5 3.Nc3 Qd6 4.d4 Nf6 5.Nf3 a6 6.g3 Bg4 7.Bg2 e6 8.h3 Bh5
9.g4 Bg6 10.Ne5 c5 11.Bf4 Qxd4 12.Bxb7 Ra7 13.Nc6 Nxc6 14.Bxc6+ Kd8 15.Be5 Qxd1+
16.Rxd1+ Kc8 17.Na4 Rb7 18.Bxb7+ Kxb7 19.Rd8 Bxc2 20.Nxc5+ Kc6 21.O-O  1-0

[Event "Open"]
[Site "Peiraias GRE"]
[Date "2007.09.06"]
[Round "6"]
[White "Tsomis,D"]
[Black "Koerant,F"]
[Result "1-0"]
[WhiteElo "2201"]
[BlackElo "2163"]

1.e4 d5 2.exd5 Qxd5 3.Nc3 Qd6 4.d4 Nf6 5.Nf3 a6 6.h3 b5 7.Bd3 Bb7 8.O-O Nbd7
9.Re1 e6 10.a4 b4 11.Ne4 Qb6 12.a5 Qa7 13.Neg5 Be7 14.Nxf7 Bxf3 15.Qxf3 Kxf7
16.Bc4 Nf8 17.d5 Rd8 18.dxe6+ Kg8 19.Be3 Qa8 20.Qe2 Qe4 21.Bxa6 Nxe6 22.Bc4 Kf8
23.a6 Nd5 24.Bd3 Qe5 25.Qg4 Nf6 26.Qf3 Qd5 27.Qe2 Qh5 28.Qxh5 Nxh5 29.a7 Kf7
30.Bc4 Bf6 31.g4 Bxb2 32.Ra6 Rhe8 33.gxh5 Bc3 34.Rb1 Kf6 35.Bxe6  1-0

[Event "XV Open"]
[Site "Albacete ESP"]
[Date "2007.09.07"]
[Round "9"]
[White "Dura Olmos,G"]
[Black "Vitor,A"]
[Result "0-1"]
[WhiteElo "2086"]
[BlackElo "2373"]

1.e4 d5 2.exd5 Qxd5 3.Nc3 Qd8 4.d4 Nf6 5.Bc4 a6 6.Nf3 b5 7.Bb3 c5 8.dxc5 Qxd1+
9.Nxd1 e6 10.a4 b4 11.c3 Bxc5 12.cxb4 Bxb4+ 13.Bd2 Nc6 14.Nc3 Rb8 15.Bc2 Be7
16.O-O-O Bd7 17.Bf4 Rb4 18.Bd6 Bxd6 19.Rxd6 Ke7 20.Rhd1 Rhb8 21.b3 Be8 22.h3 h6
23.g3 g5 24.Nh2 Na5 25.Rxa6 Nxb3+ 26.Bxb3 Rxb3 27.Ra7+ Kf8 28.Rc7 Ne4 29.Nxe4 Rb1+
30.Kd2 Rd8+ 31.Ke3 Rbxd1 32.a5 Re1+ 33.Kf3 Rd3+  0-1

[Event "Open"]
[Site "Liverpool ENG"]
[Date "2007.09.07"]
[Round "7"]
[White "Kennaugh,C"]
[Black "Goodger,M"]
[Result "1-0"]
[WhiteElo "2294"]
[BlackElo "2093"]

1.e4 d5 2.exd5 Qxd5 3.Nc3 Qd6 4.d4 Nf6 5.Nf3 c6 6.g3 Bg4 7.Bg2 e6 8.O-O Be7
9.Re1 O-O 10.h3 Bxf3 11.Bxf3 Nbd7 12.b3 Rad8 13.Bb2 Rfe8 14.Ne2 Qc7 15.c4 Qb6
16.Qc2 Nf8 17.Rad1 Rd7 18.h4 Red8 19.Nf4 Rxd4 20.Bxd4 Rxd4 21.Nd3 N6d7 22.Kg2 Bf6
23.Rb1 Ng6 24.Be4 Nc5 25.Nxc5 Qxc5 26.Bd3 Qh5 27.Re4 Rd8 28.Be2 Qf5 29.Bg4 Qa5
30.b4 Qc7 31.Ree1 Rd4 32.Re4 Qd8 33.Rxd4 Qxd4 34.Be2 Ne5 35.Rd1 Qb6 36.h5 g5
37.f4 gxf4 38.gxf4 Bh4 39.c5 Qxb4 40.fxe5 Qf4 41.Qd3 Qxe5 42.Kh3 Bf2 43.h6 Qd5
44.Qf3 Qxf3+ 45.Bxf3 f5 46.Rd7 Bxc5 47.Rg7+ Kh8 48.Rxb7 Kg8 49.Rg7+ Kh8 50.Bxc6 Bf8
51.Rxa7 Bxh6 52.a4  1-0

[Event "4th LGA Premium Cup"]
[Site "Nuernberg GER"]
[Date "2007.09.07"]
[Round "2"]
[White "Wagner,Han1"]
[Black "Heinzel,O"]
[Result "1/2-1/2"]
[WhiteElo "2057"]
[BlackElo "2388"]

1.e4 d5 2.exd5 Qxd5 3.Nc3 Qd6 4.d4 Nf6 5.Bd3 a6 6.Nf3 Nbd7 7.O-O b5 8.a4 b4
9.Ne4 Nxe4 10.Bxe4 Rb8 11.Ne5 Nxe5 12.Bf4 Bb7 13.Bxe5 Qd7 14.Re1 h5 15.Qd3 Bxe4
16.Rxe4 Rh6 17.d5 Rbb6 18.Rc4 c6 19.a5 Rb5 20.dxc6 Qxd3 21.cxd3 Kd8 22.Bd4 e5
23.Bb6+ Kc8 24.d4 Bd6 25.dxe5 Rxe5 26.g3 Rhe6 27.Kg2 Rd5 28.Rac1 Rd2 29.Rd4 Rxd4
30.Bxd4 Be5 31.Bxe5 Rxe5 32.Rc4 Rxa5 33.Rxb4 Rb5  1/2-1/2

[Event "3rd Geller mem Open A"]
[Site "Odessa UKR"]
[Date "2007.09.08"]
[Round "1"]
[White "Semenova,Ir"]
[Black "Smirnov,I UKR"]
[Result "1/2-1/2"]
[WhiteElo "2217"]
[BlackElo "2423"]

1.e4 d5 2.exd5 Qxd5 3.Nc3 Qd6 4.d4 Nf6 5.Nf3 c6 6.g3 Bg4 7.Bg2 e6 8.O-O Nbd7
9.Re1 Be7 10.a3 Nb6 11.Bf4 Qd7 12.h3 Bxf3 13.Qxf3 O-O 14.Rad1 Nfd5 15.Bc1 Nxc3
16.Qxc3 Nd5 17.Qd3 b5 18.b3 Rad8 19.Bb2 Bf6 20.Be4 h6 21.Qf3 Qe7 22.Bd3 g6
23.Bf1 Bg7 24.c4 bxc4 25.bxc4 Nb6 26.Qxc6 Rc8 27.Qb5 Nxc4 28.Bxc4 Rb8 29.Qa5 Rxb2
30.d5 e5 31.d6 Qd7 32.a4 Rb6 33.Bb5 Qb7 34.d7 Rd8 35.Qd2 a6 36.Bf1 Rb2 37.Qd5 Qa7
38.Re2 Rb7 39.Red2 Rbxd7 40.Qxd7 Rxd7 41.Rxd7 Qc5 42.Bxa6 e4 43.R7d5 Qb6
44.Rd6 Qc5 45.R6d5 Qb6 46.Rd6 Qc5  1/2-1/2

[Event "4th LGA Premium Cup"]
[Site "Nuernberg GER"]
[Date "2007.09.09"]
[Round "6"]
[White "Lodes,H"]
[Black "Heinzel,O"]
[Result "0-1"]
[WhiteElo "2190"]
[BlackElo "2388"]

1.e4 d5 2.exd5 Qxd5 3.Nc3 Qd6 4.d4 Nf6 5.Nf3 c6 6.g3 Bg4 7.Bg2 e6 8.O-O Qc7
9.Re1 Bd6 10.h3 Bh5 11.d5 cxd5 12.Nxd5 Nxd5 13.Qxd5 Bxf3 14.Qxf3 Nc6 15.Qg4 O-O
16.c3 Kh8 17.Qc4 e5 18.Be3 f5 19.Bxc6 bxc6 20.Bc5 e4 21.Bxd6 Qxd6 22.Rad1 Qg6
23.Kg2 Rae8 24.Rd4 h5 25.h4 Rf6 26.b4 Rfe6 27.Kh2 f4 28.Rg1 Qg4 29.Qf1 Qf3
30.Rc4 Rf8 31.Qg2 Qg4 32.Rc5 Rg6 33.Re5 fxg3+ 34.fxg3 Rf3 35.a4 Rgf6 36.Rg5 Qe6
37.Rxh5+ Kg8 38.Qh3 Rf2+ 39.Rg2 Rxg2+ 40.Qxg2 e3 41.Kg1 e2  0-1

[Event "12th ch-Asia w"]
[Site "Tehran IRI"]
[Date "2007.09.10"]
[Round "8"]
[White "Swathi,G"]
[Black "Navabi,S"]
[Result "1/2-1/2"]
[WhiteElo "2317"]
[BlackElo "2121"]

1.e4 d5 2.exd5 Qxd5 3.Nc3 Qd6 4.g3 Nf6 5.Bg2 a6 6.Nge2 e5 7.O-O Nc6 8.d3 Be7
9.Be3 Ng4 10.Bd2 Be6 11.a3 h5 12.h3 Nf6 13.h4 Bg4 14.Qe1 Qd7 15.Bg5 Bh3 16.Rd1 Bxg2
17.Kxg2 O-O-O 18.Qd2 Rhe8 19.f3 Nd4 20.Rde1 Kb8  1/2-1/2

[Event "3rd Geller mem Open A"]
[Site "Odessa UKR"]
[Date "2007.09.12"]
[Round "5"]
[White "Dedkov,E"]
[Black "Garifulin,A"]
[Result "0-1"]
[WhiteElo "2174"]
[BlackElo "2328"]

1.e4 d5 2.exd5 Qxd5 3.Nc3 Qd8 4.Nf3 g6 5.d4 Bg7 6.Bc4 Nh6 7.Be3 O-O 8.Qd2 Nf5
9.O-O-O Nd7 10.h4 h5 11.Ng5 Nb6 12.Bb3 a5 13.a3 a4 14.Ba2 c6 15.f3 Nxe3 16.Qxe3 Nd5
17.Nxd5 cxd5 18.g4 hxg4 19.h5 Ra6 20.hxg6 Rxg6 21.c3 e5 22.dxe5 Qxg5 23.f4 Qe7
24.Bxd5 Rd8 25.Qe4 Be6 26.Bxb7 Rxd1+ 27.Rxd1 Bb3 28.Re1 g3 29.Rg1 Qh4 30.Rh1 g2
31.Rxh4 g1=Q+ 32.Kd2 Qf2+  0-1

[Event "3rd Geller mem Open A"]
[Site "Odessa UKR"]
[Date "2007.09.12"]
[Round "5"]
[White "Zdebskaja,N"]
[Black "Didenko,Sergei"]
[Result "1-0"]
[WhiteElo "2303"]
[BlackElo "2130"]

1.e4 d5 2.exd5 Qxd5 3.Nc3 Qd6 4.d4 Nf6 5.g3 c6 6.Bg2 Bf5 7.Nge2 e6 8.O-O Be7
9.Bf4 Qd7 10.h3 Nd5 11.Bd2 Nxc3 12.Bxc3 O-O 13.g4 Bg6 14.Nf4 Na6 15.Nxg6 hxg6
16.Qf3 g5 17.Rad1 Nc7 18.Bd2 Nb5 19.Be3 Qd5 20.a4 Qxf3 21.Bxf3 Nd6 22.b3 f5
23.Rfe1 f4 24.Bc1 Kf7 25.c4 Bf6 26.h4 Rfe8 27.hxg5 Bxg5 28.c5 Nc8 29.Re4 Ne7
30.Bxf4 Bxf4 31.Rxf4+ Kg6 32.Be4+ Kg5 33.Rf7 g6 34.Kg2 Nd5 35.Bxd5 exd5 36.Kg3  1-0

[Event "3rd Geller mem Open A"]
[Site "Odessa UKR"]
[Date "2007.09.13"]
[Round "6"]
[White "Ivanenko,O1"]
[Black "Onikienkoo,V"]
[Result "0-1"]
[WhiteElo "2104"]
[BlackElo "2265"]

1.e4 d5 2.exd5 Qxd5 3.Nc3 Qd6 4.d4 Nf6 5.Nf3 a6 6.a4 g6 7.g3 Bg4 8.Bg2 Nc6
9.Be3 Bg7 10.h3 Bxf3 11.Bxf3 O-O 12.O-O Rad8 13.Ne2 Nd5 14.Bg5 h6 15.Bc1 e5
16.c4 Ndb4 17.Bxc6 bxc6 18.c5 Qe6 19.Qd2 a5 20.Kh2 exd4 21.Nf4 Qc4 22.Rd1 d3
23.Ra3 Qxc5 24.Nxd3 Nxd3 25.Rxd3 Rxd3 26.Qxd3 Qxf2+ 27.Kh1 Re8  0-1

[Event "17th ch-EU U18 Girls"]
[Site "Sibenik CRO"]
[Date "2007.09.14"]
[Round "1"]
[White "Juciute,E"]
[Black "Chirita,A"]
[Result "0-1"]
[WhiteElo "1758"]
[BlackElo "2056"]

1.e4 d5 2.exd5 Qxd5 3.Nc3 Qd8 4.d4 Nf6 5.Bc4 a6 6.a4 e6 7.Nge2 Be7 8.O-O O-O
9.Ng3 Nbd7 10.Be3 Nb6 11.Bb3 Bd7 12.Nh5 Bc6 13.Nxf6+ Bxf6 14.Qg4 g6 15.Rfd1 Qd7  0-1

[Event "17th ch-EU U18 Boys"]
[Site "Sibenik CRO"]
[Date "2007.09.15"]
[Round "2"]
[White "Zhigalko,S"]
[Black "Novosel,T"]
[Result "1-0"]
[WhiteElo "2560"]
[BlackElo "2072"]

1.e4 d5 2.exd5 Qxd5 3.Nc3 Qd6 4.d4 Nf6 5.Nf3 a6 6.Be3 Bg4 7.h3 Bh5 8.g4 Bg6
9.Ne5 e6 10.Bg2 c6 11.h4 Qb4 12.Qd2 Qxb2 13.Rb1 Qxc2 14.Rxb7 Nd5 15.Qxc2 Bxc2
16.Kd2 Nxc3 17.Kxc3 Ba4 18.Rhb1 f6  1-0

[Event "4NCL"]
[Site "Sunningdale ENG"]
[Date "2007.09.15"]
[Round "1"]
[White "Lindner,D"]
[Black "Coates,K"]
[Result "0-1"]
[WhiteElo "2253"]
[BlackElo "2230"]

1.e4 d5 2.exd5 Qxd5 3.Nc3 Qd6 4.d4 Nf6 5.Nf3 a6 6.Be2 Bg4 7.h3 Bh5 8.Be3 Nc6
9.Qd2 e6 10.O-O Be7 11.Rad1 Rd8 12.a3 Bg6 13.Qc1 Nd5 14.Nxd5 exd5 15.Bf4 Qd7
16.c4 Be4 17.Ne5 Nxe5 18.dxe5 d4 19.e6 Qxe6 20.Rfe1 Qc6 21.Bf1 Rd7 22.Be5 O-O
23.Rxd4 Bg6 24.Qc3 f6 25.Rxd7 Qxd7 26.Bf4 Rd8 27.Be2 Bd6 28.Bxd6 Qxd6 29.Bf3 b6
30.b4 c5 31.Rd1 Qc7 32.Rxd8+ Qxd8 33.bxc5 bxc5 34.Qe3 Qd6 35.Bd5+ Kf8 36.Qb3 Bf7
37.Qb7 Bxd5 38.cxd5 h5 39.a4 a5 40.Kf1 h4 41.Kg1 g5 42.Qa8+ Kf7 43.Qxa5 Qxd5
44.Qc7+ Ke6 45.a5 Qd1+ 46.Kh2 Qd6+  0-1